| 000 | 00610nam a2200157 a 4500 | ||
|---|---|---|---|
| 001 | 000029639 | ||
| 005 | 20200930055709.0 | ||
| 008 | 110404s1981 dr a 000 0 spa d | ||
| 040 |
_aDO-SdBNP _bspa _cBNPHU |
||
| 082 |
_axxxx _bR426 |
||
| 110 | 1 |
_aRepública Dominicana . _bSecretaría de estado de Obras Públicas y Comunicaciones, _935775 |
|
| 245 | 1 | 0 | _aRecomendaciones provisionales para dibujos de planos en proyectos de edificaciones. |
| 260 |
_aSanto Domingo : _bSecretaría de estado de Obras Públicas y Comunicaciones, _c1981 _fEditora Alfa y Omega |
||
| 300 |
_a35 p. : _bil. ; _c28 cm. |
||
| 049 | _aBNPD | ||
| 999 |
_c29131 _d29131 |
||